Statistiques concernant Êtes-vous rapide ? Test de rapidité a1a,b2b

Cliquez ici pour prendre le quiz!

Statistiques générales

  • Ce quiz a été pris 69 fois
  • Le résultat moyen est 6 sur 26

Statistiques - réponses

Lettre + chiffreRéponse% Correct
A1aA1a
100%
B2bB2b
96%
C3cC3c
86%
D4dD4d
76%
E5eE5e
66%
F6fF6f
54%
G7gG7g
40%
H8hH8h
26%
I9iI9i
16%
J10jJ10j
12%
K11kK11k
6%
L12lL12l
2%
M13mM13m
0%
N14nN14n
0%
O15oO15o
0%
P16pP16p
0%
Q17qQ17q
0%
R18rR18r
0%
S19sS19s
0%
T20tT20t
0%
U21uU21u
0%
V22vV22v
0%
W23wW23w
0%
X24xX24x
0%
Y25yY25y
0%
Z26zZ26z
0%

Distribution des résultats

Percentile par nombre de réponses

% des personnes avec chaque résultat

Votre développement - résultats

Vous n’avez pas pris ce quiz